[Event "Istanbul op-B 10th"]
[Site "Istanbul"]
[Date "2011.09.18"]
[Round "9"]
[White "Yazici, Mustafa Erdem"]
[Black "Ozdemir, Utku"]
[Result "1-0"]
[WhiteElo "1925"]
[BlackElo "1841"]
[PlyCount "81"]
[EventDate "2011.09.12"]
[EventType "swiss"]
[EventRounds "9"]
[EventCountry "TUR"]
[SourceTitle "CBM 144 Extra"]
[Source "ChessBase"]
[SourceDate "2011.10.28"]
[SourceVersion "1"]
[SourceVersionDate "2011.10.28"]
[SourceQuality "1"]

1. d4 d5 2. c4 c6 3. Nc3 Nf6 4. Nf3 e6 5. Bg5 dxc4 6. e4 b5 7. e5 h6 8. Bh4 g5 9. Nxg5 hxg5 10. Bxg5 Nbd7 11. exf6 Bb7 12. Be2 Qb6 13. Be3 0-0-0 14. Qc2 c5 15. 0-0-0 Bh6 16. Bxh6 Rxh6 17. dxc5 Qxc5 18. Ne4 Bxe4 19. Qxe4 Nb6 20. Rxd8+ Kxd8 21. Qf4 Rh8 22. Qb8+ Kd7 23. Rd1+ Nd5 24. Qxh8 c3 25. Qh3 Qb4 26. Qxc3 Qf4+ 27. Qe3 Qa4 28. Rxd5+ exd5 29. Qe7+ Kc6 30. Qe8+ Kd6 31. Bxb5 Qf4+ 32. Qe3 Qxf6 33. Qa3+ Ke5 34. Qc3+ d4 35. Qc7+ Kf5 36. Bd3+ Kg5 37. Qc5+ Kh6 38. Qf8+ Kh5 39. Be2+ Kh4 40. Qc5 Qh6+ 41. Kd1 1-0